000
00323nam a22001457a 4500
008
210426b ||||| |||| 00| 0 eng d
020
_a
0471267929
041
_a
eng
080
_2
6th
_a
574
082
_a
574
100
_a
9
101
_a
MJE
245
_a
Fundamentals of Soil Science
_c
Henry D. Foth
942
_2
udc
_c
BK
999
_c
56760
_d
56760